Рыболовы и охотники бассейна Оби: проблемы формирования культуры хантов и манси (Запись № 853573)

Подробности
000 -МАРКЕР
контрольное поле 01706nam0a2200349 4500
001 - ИДЕНТИФИКАТОР ЗАПИСИ
контрольное поле RU\NLR\bibl\151803
005 - ИДЕНТИФИКАТОР ВЕРСИИ
контрольное поле 20260405121029.0
010 ## - МЕЖДУНАРОДНЫЙ СТАНДАРТНЫЙ НОМЕР КНИГИ (ISBN)
Номер (ISBN) 5-88431-0016-1
Тираж 800
021 ## - НОМЕР ГОСУДАРСТВЕННОЙ РЕГИСТРАЦИИ
Код страны Российская Федерация
Номер 2001-12716
Номер Листа государственной регистраци 599
035 ## - ДРУГИЕ СИСТЕМНЫЕ НОМЕРА
Идентификатор записи (NLR Aleph) 000148810
100 ## - ДАННЫЕ ОБЩЕЙ ОБРАБОТКИ
Данные общей обработки 20010426d2000 |||y0rusy50 ca
101 0# - ЯЗЫК РЕСУРСА
Язык текста, звукозаписи и т.д. русский
102 ## - СТРАНА ПУБЛИКАЦИИ ИЛИ ПРОИЗВОДСТВА
Страна публикации Российская Федерация
105 ## - ПОЛЕ КОДИРОВАННЫХ ДАННЫХ: ТЕКСТОВЫЕ МАТЕРИАЛЫ, МОНОГРАФИЧЕСКИЕ
Кодированные данные о монографическом текстовом документе a |||||||||
200 1# - ЗАГЛАВИЕ И СВЕДЕНИЯ ОБ ОТВЕТСТВЕННОСТИ
Основное заглавие Рыболовы и охотники бассейна Оби: проблемы формирования культуры хантов и манси
Первые сведения об ответственности Е.Г. Федорова
Последующие сведения об ответственности Рос. акад. наук, Музей антропологии и этнографии им. Петра Великого (Кунсткамера) и др.
210 ## - ПУБЛИКАЦИЯ, РАСПРОСТРАНЕНИЕ И ДР.
Место издания, распространения и т.д. СПб.
Имя издателя, распространителя и т. д. Европ. Дом
Дата издания, распространения и т.д. 2000
215 ## - ФИЗИЧЕСКАЯ ХАРАКТЕРИСТИКА
Специфическое обозначение материала и объем 365, [2] с.
Другие сведения о физической характеристике ил.
Размеры 22
300 ## - ОБЩИЕ ПРИМЕЧАНИЯ
Текст примечания В надзаг. также: Администрация Ханты-Манс. авт. окр., НИИ обско-угорск. народов
320 ## - ПРИМЕЧАНИЯ О НАЛИЧИИ В ДОКУМЕНТЕ БИБЛИОГРАФИИ / УКАЗАТЕЛЯ
Текст примечания Библиогр.: с. 338-364
606 0# - НАИМЕНОВАНИЕ ТЕМЫ КАК ПРЕДМЕТ
Наименование темы Ханты
Тематический подзаголовок Этнография
Системный номер авторитетной/нормативной записи 2124234
Идентификатор авторитетной/нормативной записи RU\NLR\auth\661282366
606 1# - НАИМЕНОВАНИЕ ТЕМЫ КАК ПРЕДМЕТ
Наименование темы Ханты
Тематический подзаголовок Этнографические исследования
Системный номер авторитетной/нормативной записи 2612357
Идентификатор авторитетной/нормативной записи RU\NLR\AUTH\661548915
606 0# - НАИМЕНОВАНИЕ ТЕМЫ КАК ПРЕДМЕТ
Наименование темы Манси
Тематический подзаголовок Этнографические исследования
Системный номер авторитетной/нормативной записи 2073987
Идентификатор авторитетной/нормативной записи RU\NLR\auth\661248948
686 ## - ИНДЕКСЫ ДРУГИХ КЛАССИФИКАЦИЙ
Индекс Т52(251.1=Ха)
686 ## - ИНДЕКСЫ ДРУГИХ КЛАССИФИКАЦИЙ
Индекс Т52(251.1=Ха2)
700 #1 - ИМЯ ЛИЦА - ПЕРВИЧНАЯ ОТВЕТСТВЕННОСТЬ
Код отношения Автор
Материалы, к которым относится поле rus
Графика поля Кириллица
Начальный элемент ввода Федорова
Часть имени, кроме начального элемента ввода Е. Г.
Дополнения к именам, кроме дат канд. ист. наук
Расширение инициалов личного имени Елена Геннадьевна
Идентификатор авторитетной/нормативной записи RU\NLR\auth\7747112
Системный номер авторитетной/нормативной записи 30047
801 #0 - ИСТОЧНИК ЗАПИСИ
Страна Российская Федерация
Организация NLR
Дата составления 20010426
Правила каталогизации PSBO
801 #1 - ИСТОЧНИК ЗАПИСИ
Страна Российская Федерация
Организация NLR
Дата составления 20010426
942 ## - ДОПОЛНИТЕЛЬНЫЕ ЭЛЕМЕНТЫ ЗАПИСИ (АБИС)
Тип экземпляра АБИС Книга
980 ## - КОЛЛЕКЦИЯ
Название коллекции Национальная библиография
Экземпляры
Тип экземпляра Дата поступления Источник поступления Библиотека постоянного хранения Библиотека текущего хранения Место хранения Шифр хранения Штрих-код Статус экземпляра
Книга 26.04.2001 Дар РНБ (Московский) РНБ (Московский) Русский книжный фонд: издания с 1957 года 2001-5/959 1-1662900  
Книга 19.11.2001 Обязательный экземпляр РНБ (Московский) РНБ (Московский) Русский книжный фонд: издания с 1957 года 2001-5/959 186854  
Книга 19.11.2001 Обязательный экземпляр РНБ (Московский) РНБ (Московский) Обменный фонд   186855